| 000 | 00585nam a22001937a 4500 | ||
|---|---|---|---|
| 003 | BD-DhJNU | ||
| 005 | 20250526052406.0 | ||
| 008 | 250526b |||||||| |||| 00| 0 eng d | ||
| 040 |
_aBD-DhJNU _bENG _cBD-DhJNU _dBD-DhJNU |
||
| 082 |
_223 _a320.95496 MIU |
||
| 100 | _aMishra, Indra Deo | ||
| 245 |
_aUnderstanding a political system / _cIndra Deo Mishra |
||
| 260 |
_aIndia : _bVijayashree, _c1985. |
||
| 300 |
_a122p. : _bill. ; _c23 cm. |
||
| 504 | _aIncludes bibliographies and index | ||
| 650 | _aPolitical science | ||
| 650 | _aNepal, politics & government | ||
| 942 |
_2ddc _cBK _n0 |
||
| 999 |
_c1748 _d1748 |
||